| 000 -CABECERA |
| Longitud fija campo de control |
00495nam a2200157 a 4500 |
| 001 - NÚMERO DE CONTROL |
| Número de control |
282 |
| 003 - IDENTIFICADOR DEL NÚMERO DE CONTROL |
| Identificador del número de control |
CDMR |
| 005 - FECHA Y HORA DE LA ÚLTIMA TRANSACCIÓN |
| Fecha y hora de la última transacción |
20131213133628.0 |
| 008 - CÓDIGOS DE INFORMACIÓN DE LONGITUD FIJA |
| Códigos de información de longitud fija |
130130s1925||||||||||||||||||||||||||||d |
| 040 ## - FUENTE DE LA CATALOGACIÓN |
| Centro catalogador de origen |
CDMR |
| Lengua de catalogación |
cat |
| Centro transcriptor |
CDMR |
| 100 1# - PUNTO DE ACCESO PRINCIPAL-NOMBRE DE PERSONA |
| Nombre de persona |
Burell, Julio |
| 9 (RLIN) |
204 |
| 245 10 - MENCIÓN DE TÍTULO |
| Título |
Artículos de Julio Burell |
| Resto del título |
: homenaje de la Asociaicón de la Prensa de Madrid |
| Mención de responsabilidad, etc. |
Julio Burell ; prólogo de José Francos Rodríguez |
| 260 ## - PUBLICACIÓN, DISTRIBUCIÓN, ETC. (PIE DE IMPRENTA) |
| Lugar de publicación, distribución, etc. |
Madrid |
| Fecha de publicación, distribución, etc. |
1925 |
| Nombre del editor, distribuidor, etc. |
Asociación de la Prensa de Madrid |
| 300 ## - DESCRIPCIÓN FÍSICA |
| Extensión |
341 p. |
| 942 ## - ENTRADA DE ELEMENTOS AGREGADOS (KOHA) |
| Koha [por defecto] tipo de item |
Monografies |
| Fuente de clasificaión o esquema |
|